Quizz sur le PSG - Statistiques

Statistiques générales
  • Ce quiz a été pris 1 642 fois
    555 depuis la dernière actualisation
  • Le résultat moyen est 9 sur 20
Statistiques - réponses
Question Réponse % Correct
Qui est le meilleur buteur de l'histoire du club ? Mbappé
88%
Quels sont les deux joueurs avec le plus de matchs dans l'histoire du PSG ? Pilorget et Marquinhos
71%
Quel joueur a gagné le ballon d'or lorsqu'il était au PSG ? (Au moment où il le reçoit) ? Leo Messi
69%
Combien de fois le PSG a gagné la ligue 1 ? 13
67%
Quel président a donné son nom a une tribune du Parc ? Borelli
62%
Qui est le premier entraîneur recruté par QSI ? Ancelotti
50%
Quel animal est la mascotte peu appréciée du PSG ? Lynx
50%
En quelle année le PSG a gagné la C2 ? 1996
49%
En quelle année le PSG a gagné sa première coupe de France ? 1982
47%
Combien de fois le PSG a-t-il atteint les demies-finales de ligue des champions ? 5
46%
Lequel de ces joueurs a joué pour le PSG et l'OM ? Zoumana Camara
44%
Combien de fois le PSG a gagné la Coupe de la ligue ? 9
41%
Qui a été le plus jeune capitaine du PSG ? Mamadou Sakho
37%
Lequel de ces joueurs a coûté le plus cher ? David Luiz
26%
Contre quel adversaire le PSG a gagné sa première coupe de France ? ASSE
25%
Qui a été le premier capitaine du PSG ? Jean Djorkaeff
23%
Quelle est la plus large victoire de l'histoire du club ? 10-0
19%
Qui sont les 2 entraîneurs à avoir gagné la ligue 1 avant QSI ? Houiller et Jorge
14%
Qui est le premier entraineur de l'histoire du club ? Pierre Phelipon
14%
Qui étaient les buteurs contre le Barca de Cruyff en 1995, pour envoyer le club en demie-finale de ldc ? Rai et Guérin
12%
Aucun quiz correspondant
Distribution des résultats
% des personnes avec chaque résultat
Percentile par nombre de réponses
Votre historique - résultats
Vous n’avez pas pris ce quiz depuis la dernière actualisation